00293nam a22000857a 4500008004100000082002100041245009200062260004400154300000900198230626b xxu||||| |||| 00| 0 eng d a328.33bIPU 1997 aTowards Partnerships Between Men and Women in PoliticsbNew Delhi, 14- 18 February 1997 aGenevabInter-Parliamentary Unionc1997 a136p